Job y el exceso del mal /
שמור ב:
| מחבר ראשי: | |
|---|---|
| מחברים אחרים: | |
| פורמט: | ספר |
| שפה: | ספרדית |
| יצא לאור: |
Madrid, España :
Caparrós : Fundación Emmanuel Mounier,
1995, c1995
|
| סדרה: | (Esprit ;
18) |
| נושאים: | |
| תגים: |
אין תגיות, היה/י הראשונ/ה לתייג את הרשומה!
|
MARC
| LEADER | 00000nam^a2200000^a^4500 | ||
|---|---|---|---|
| 001 | 000136779 | ||
| 005 | 20250521000000.0 | ||
| 009 | 20260310095329.882 | ||
| 020 | |a 84-87943-36-1 | ||
| 037 | |a Acervo ITESO - Biblioteca | ||
| 041 | |a ESP | ||
| 082 | |a 111. 84 |b NEM | ||
| 100 | |a Nemo, Philippe |e (autor) | ||
| 245 | 1 | 0 | |a Job y el exceso del mal / |c P. Nemo, E. Levinas ; tr. por Jesús María Ayuso Diéz. |
| 264 | 4 | |a Madrid, España : |b Caparrós : |b Fundación Emmanuel Mounier, |c 1995, c1995 | |
| 300 | |a 186 p. | ||
| 336 | |a texto |b txt |2 rdacontenido | ||
| 337 | |a sin mediación |b n |2 rdamedio | ||
| 338 | |a volumen |b nc |2 rdasoporte | ||
| 440 | 1 | |a (Esprit ; |v 18) | |
| 649 | |a XX | ||
| 650 | |a Bien y Mal | ||
| 650 | |a Alma y Cuerpo | ||
| 650 | |a Biblia - |x Historia y Crítica | ||
| 650 | |a Biblia - |x Antiguo Testamento - |x Libros Poéticos y Sapienciales - |x Job | ||
| 650 | |a Dios | ||
| 650 | |a Infierno | ||
| 650 | |a Intencionalidad | ||
| 650 | |a Trascendentalismo | ||
| 650 | |a Fenomenología | ||
| 650 | |a Ontología | ||
| 650 | |a Metafísica | ||
| 650 | |a Religión | ||
| 650 | |a Filosofía del Siglo XX | ||
| 740 | 3 | |a El diálogo Levinas-Nemo / |c P. Nemo, E. Levinas ; tr. por Jesús María Ayuso Diéz. | |
| 700 | |a Levinas, Emmanuel |e (autor) | ||
| 910 | |a Fondo General | ||
| 920 | |a Impresos - Libros | ||
| 930 | |a Colección General | ||
| 905 | |a 101 | ||
| 901 | |a 0500065463 |b IT1 |c ACC |u 20250521 | ||
| 902 | |a https://opac.biblio.iteso.mx/vufind/Record/000136779 | ||